000 00786nam a2200241Ia 4500
003 OSt
005 20220925234256.0
006 a|||||r|||| 00| 0
007 ta
008 220923b |||||||| |||| 00| 0 eng d
020 _a8177371657
_c760.75
037 _b10810(F), 19/03/2014, Aryan Books
_cGeneral Book
040 _aRTL
_cRTL
_beng
041 _2eng
_aeng
082 _aX56:89C.1, P8
100 _aLAVI Mohan R.
_9299854
245 0 _aBHARAT'S IFRS, US GAAP, Indian, GAAP, SOX
_b A compilation
260 _a New Delhi
_bBharat Law House
_c2009
300 _a24,842p.
_ccm.
700 _a MANOHARAN T. N.
_9299855
942 _hX56:89C.1, P8
_cGB
_2CC
999 _c595273
_d595273